Modern movements in architecture/ (Record no. 170827)

MARC details
000 -LEADER
fixed length control field 00815nam a22002537a 4500
003 - CONTROL NUMBER IDENTIFIER
control field OSt
005 - DATE AND TIME OF LATEST TRANSACTION
control field 20240716095949.0
008 - FIXED-LENGTH DATA ELEMENTS--GENERAL INFORMATION
fixed length control field 240712b |||||||| |||| 00| 0 eng d
020 ## - INTERNATIONAL STANDARD BOOK NUMBER
International Standard Book Number [Not Defined] (paperback)
040 ## - CATALOGING SOURCE
Original cataloging agency NUST
Language of cataloging eng
Transcribing agency NUST
Modifying agency NUST
Description conventions rda
050 ## - LIBRARY OF CONGRESS CALL NUMBER
Classification number NA680 JEN
100 ## - MAIN ENTRY--PERSONAL NAME
Personal name Jencks, Charles
Relator term Author
245 ## - TITLE STATEMENT
Title Modern movements in architecture/
Statement of responsibility, etc. Jencks, Charles
250 ## - EDITION STATEMENT
Edition statement Second edition.
260 ## - PUBLICATION, DISTRIBUTION, ETC.
Place of publication, distribution, etc. Middlesex ;
Name of publisher, distributor, etc. Penguin Books Ltd,
Date of publication, distribution, etc. 1985.
300 ## - PHYSICAL DESCRIPTION
Extent 448 pages.
Other physical details Illustrations:
Dimensions 20 cm.
336 ## - CONTENT TYPE
Source rdamedia
Content type term text
Content type code txt
337 ## - MEDIA TYPE
Source rdamedia
Media type term unmediated
Media type code n
338 ## - CARRIER TYPE
Source rdamedia
Carrier type term volume
Carrier type code nc
504 ## - BIBLIOGRAPHY, ETC. NOTE
Bibliography, etc. note Includes bibliographical references
650 ## - SUBJECT ADDED ENTRY--TOPICAL TERM
Form subdivision Architectural design
650 ## - SUBJECT ADDED ENTRY--TOPICAL TERM
Form subdivision Architecture - Modern
942 ## - ADDED ENTRY ELEMENTS (KOHA)
Source of classification or shelving scheme Library of Congress Classification
Koha item type Ordinary Loan Books
Classification part NA680 JEN
Call number prefix NA
Call number suffix JEN
Suppress in OPAC No
Holdings
Withdrawn status Lost status Source of classification or shelving scheme Damaged status Not for loan Home library Current library Date acquired Source of acquisition Cost, normal purchase price Total Checkouts Full call number Barcode Date last seen Accession number Cost, replacement price Price effective from Koha item type Public note
    LCC     MAIN MAIN 07/12/2024 National Gallery of Zimbabwe 20.00   NA680 JEN 92004052664 07/12/2024 59400 20.00 07/12/2024 BOOKS Donation